La teoría de la historia de Karl Marx. Una defensa.
Guardat en:
| Autor principal: | |
|---|---|
| Altres autors: | |
| Format: | Desconegut |
| Idioma: | espanyol |
| Publicat: |
Madrid, España:
Siglo Veintiuno Editores; Pablo Iglesias,
1986.
|
| Matèries: | |
| Etiquetes: |
Afegir etiqueta
Sense etiquetes, Sigues el primer a etiquetar aquest registre!
|
MARC
| LEADER | 00000 a2200000 4500 | ||
|---|---|---|---|
| 003 | CL-VaPUC | ||
| 005 | 20250401101951.0 | ||
| 008 | 250317t1986 ||||| |||| 00| 0 spa d | ||
| 999 | |c 446181 |d 446179 | ||
| 020 | |a 978-84-323-0559-7 | ||
| 040 | |c Pontificia Universidad Católica de Valparaíso | ||
| 082 | |2 22 |a 335.412 COH 1986 | ||
| 100 | |a Cohen, Gerald A. |9 894630 |e autor | ||
| 245 | |a La teoría de la historia de Karl Marx. |b Una defensa. | ||
| 260 | |a Madrid, España: |b Siglo Veintiuno Editores; |b Pablo Iglesias, |c 1986. | ||
| 300 | |a 405 páginas. | ||
| 583 | |k Yessy Sthefany Diaz Vidal |c 20250317 | ||
| 600 | 0 | |9 861123 |a Marx, Karl Heinrich, |d 1818-1883 |v Crítica e interpretación | |
| 650 | 0 | |9 256037 |a Marxismo |x Filosofía política |x Fundamentos económicos | |
| 700 | |9 897006 |a López Máñez, Pilar |e traducción | ||
| 942 | |2 ddc |c BK | ||
| 952 | |0 0 |1 0 |2 ddc |4 0 |6 335_412000000000000_COH_1986 |7 0 |8 A |9 601052 |a BIBHIS |b BIBHIS |d 2025-03-12 |e 13 |g 24788.00 |i 5665911 |o 335.412 COH 1986 |p 5665911 |r 2025-03-12 |t 1 |v 24788.00 |w 2025-03-12 |y BK |k HIS | ||